| Tag |
First Indicator |
Second Indicator |
Subfields |
| LEADER |
00000cam a2200000 4500 |
| 001 |
in00000021986 |
| 005 |
20151007063822.0 |
| 008 |
750722s1917 pauacf 00010 eng u |
| 010 |
|
|
|a 17021825
|
| 035 |
|
|
|a (OCoLC)01467693
|
| 035 |
|
|
|9 AAD8329AM
|
| 040 |
|
|
|c JPL
|d TXA
|d UtOrBLW
|
| 049 |
|
|
|a TXAM
|c [10162]
|
| 050 |
|
0 |
|a TR650
|b .A5
|
| 092 |
|
|
|a 778
|b A548p
|
| 100 |
1 |
|
|a Anderson, Paul,
|d 1880-1956.
|
| 245 |
1 |
0 |
|a Pictorial photography ;
|b its principles and practice /
|c by Paul L. Anderson ... with 23 illustrations and 35 diagrams.
|
| 264 |
|
1 |
|a Philadelphia
|a London :
|b J. B. Lippincott company,
|c 1917.
|
| 300 |
|
|
|a 301 pages, 1 unnumbered page :
|b frontispiece (portrait) illustrations, plates, diagrams ;
|c 21 cm.
|
| 336 |
|
|
|a text
|b txt
|2 rdacontent
|
| 337 |
|
|
|a unmediated
|b n
|2 rdamedia
|
| 338 |
|
|
|a volume
|b nc
|2 rdacarrier
|
| 650 |
|
0 |
|a Photography, Artistic.
|
| 999 |
|
|
|a MARS
|
| 999 |
f |
f |
|s 7f261eb2-810e-3348-aadc-fa586c6e8400
|i 4370b20e-9e6a-34e3-b273-ef6ed5e80530
|t 0
|
| 952 |
f |
f |
|p ric
|a Texas A&M University
|b Rellis Campus
|c Joint Library Facility
|d Remote Storage
|t 0
|e TR650 .A5
|h Library of Congress classification
|i unmediated -- volume
|m A14801161165
|
| 998 |
f |
f |
|a TR650 .A5
|t 0
|l Remote Storage
|